Normal view
MARC view
- Feminismo y educación
Entry Materia
001 - NÚMERO DE CONTROL DEL REGISTRO
- campo de control: 21579
003 - IDENTIFICADOR DE NUMERO DE CONTROL
- campo de control: MX-MxUPN
005 - FECHA Y HORA DE LA ÚLTIMA TRANSACCIÓN
- campo de control: 20250221111529.0
008 - DATOS DE LONGITUD FIJA
- campo de control de longitud fija: 250221dn fnnnnaabd b |na |d
035 ## - NÚMERO DE CONTROL DEL SISTEMA
- Número de control del sistema: UPN10000021588
040 ## - FUENTE DE LA CATALOGACIÓN
- Centro catalogador de origen: MX-MxUPN
- Lengua de catalogación: spa
150 ## - ENCABEZAMIENTO - TEMÁTICO
- Término de materia o nombre geográfico como elemento inicial: Feminismo y educación
- Subdivisión geográfica: América Latina
670 ## - FUENTE EN LA QUE SE LOCALIZARON DATOS
- Cita de la fuente: Autoridades LC, 21 febrero 2025 :
- Información localizada: Feminism and education - Latin America
- Identificador Uniforme del Recurso: https://authorities.loc.gov
902 ## - CATALOGADOR
- Catalogador: BDV/171003
- Catalogador: VíctorGodínez/210225
